00000000nam##2200000za#4500
0019.694593
003CaOODSP
00520210624234205
007cr |||||||||||
008150407|2009||||xxc|||||o    f|0| 0 eng|d
040 |aCaOODSP|beng
043 |an-cn---
0861 |aR62-417/2009E-PDF
1102 |aParks Canada.
24510|aRecent museum approaches and the visitor experience in the context of Parks Canada National Historic Sites renewal in the province of Quebec : |h[electronic resource]|bportrait of a museum sampling in North America, Europe and Australia - summary / |cby Katy Tari; for the Social Service Research Service and the External Relations and Visitor Experience Service, Quebec Service Centre.
260 |aOttawa - Ontario : |bParks Canada |cSeptember 2009.
300 |a16p.
590 |a11-07-Supp|b2011-05-17
69007|aMuseums|2gcpds
7201 |aTari, Katy
77508|tLes récentes approches muséographiques et l'expérience du visiteur dans le cadre du renouvellement de lieux historiques nationaux de Parcs Canada au Québec : |w(CaOODSP)9.638767
85640|ahttp://publications.gc.ca|qPDF|s419 KB|uhttps://publications.gc.ca/collections/collection_2011/pc/R62-417-2009-eng.pdf